MARC details
| 000 -CABECERA |
| campo de control de longitud fija |
00892nam a2200217 a 4500 |
| 005 - FECHA Y HORA DE LA ÚLTIMA TRANSACCIÓN |
| campo de control |
20240924064057.0 |
| 008 - ELEMENTOS DE LONGITUD FIJA--INFORMACIÓN GENERAL |
| campo de control de longitud fija |
190117s2017 ag r 000 0 spa d |
| 020 ## - NÚMERO INTERNACIONAL NORMALIZADO PARA LIBROS |
| Número Internacional Estándar del Libro |
9789505506989 |
| 035 ## - NÚMERO DE CONTROL DEL SISTEMA |
| Número de control de sistema |
UPN01000228442 |
| 049 ## - COLECCIÓN |
| Colección |
CG |
| 050 #4 - SIGNATURA TOPOGRÁFICA DE LA BIBLIOTECA DEL CONGRESO |
| Número de clasificación |
LB1719 M6 |
| Número de documento/Ítem |
Y7.4 |
| 245 00 - MENCIÓN DE TÍTULO |
| Título |
Y si-- ¿formación e investigación se tejen?-- : |
| Resto del título |
investigaciones educativas, hilvanes de los formadores de docentes / |
| Mención de responsabilidad, etc. |
coord. María del Carmen Gabriela Flores Talavera. |
| 260 ## - PUBLICACIÓN, DISTRIBUCIÓN, ETC. |
| Lugar de publicación, distribución, etc. |
Argentina : |
| Nombre del editor, distribuidor, etc. |
Magisterio Río de la Plata ; |
| Lugar de publicación, distribución, etc. |
México : |
| Nombre del editor, distribuidor, etc. |
Benemérita y Centenaria Escuela Normal de Jalisco, |
| Fecha de publicación, distribución, etc. |
2017. |
| 300 ## - DESCRIPCIÓN FÍSICA |
| Extensión |
269 p. : |
| Otras características físicas |
cuadros, tablas, gráfs. |
| 440 #0 - MENCIÓN DE SERIE/ASIENTO SECUNDARIO--TÍTULO |
| Título |
Respuestas educativas |
| 650 #4 - ASIENTO SECUNDARIO DE MATERIA - TERMINO TEMATICO |
| Término de materia o nombre geográfico como elemento de entrada |
Maestros |
| Subdivisión general |
Formación profesional |
| Subdivisión geográfica |
México |
| 9 (RLIN) |
796 |
| 650 #4 - ASIENTO SECUNDARIO DE MATERIA - TERMINO TEMATICO |
| Término de materia o nombre geográfico como elemento de entrada |
Educación |
| Subdivisión general |
Investigación |
| 9 (RLIN) |
4070 |
| 700 1# - ASIENTO SECUNDARIO--NOMBRE DE PERSONAL |
| Nombre de persona |
Flores Talavera, María del Carmen Gabriela, |
| Término indicativo de función/relación |
coord. |
| 9 (RLIN) |
42565 |
| 905 ## - TIPO DE MATERIAL |
| Tipo de material |
Libro |